000 00727nam a2200265 i 4500
001 C2-0322874
003 PPAK
005 20180728121644.0
008 130917s2013 my |||| ||||| | may d
020 _a9789675660085
040 _aPPAK
_beng
_cPPAK
_erda
082 0 4 _a398.2095
_223
090 0 0 _a398.2095
_bJEF
_dK
100 0 _aJeffery J.,
_eauthor
245 1 0 _aGeroda
264 1 _aCheras :
_bGood Tree Publication ,
_c2013
300 _a60 pages ;
_c19 cm
336 _2rdacontent
_atext
337 _2rdamedia
_aunmediated
338 _2rdacarrier
_avolume
490 1 _aSiri cerita klasik Benua Asia
650 1 0 _aFolk literature, Malay - Asia.
830 0 _aSiri cerita klasik Benua Asia
942 _ddc
_cB
999 _c123097
_d123097